[Event "Paul Keres Memorial Festival 2014"]
[Site "?"]
[Date "2014.01.13"]
[Round "5.16"]
[White "Ceponis, Tadas"]
[Black "Jarvenpaa, Jari"]
[Result "1-0"]
[WhiteElo "1949"]
[BlackElo "2287"]
[PlyCount "105"]
[EventDate "2014.01.13"]
[SourceDate "2014.01.13"]

1. d4 d5 2. c4 dxc4 3. Nf3 Nf6 4. e3 a6 5. a4 e6 6. Bxc4 b6 7. O-O Bb7 8. Nc3
Bb4 9. Bd2 Nbd7 10. Ne4 Bxd2 11. Nexd2 Qe7 12. Qe2 c5 13. Rfc1 O-O 14. Qd3 Nd5
15. Nb3 cxd4 16. Nfxd4 f5 17. Qd2 Ne5 18. Be2 Rac8 19. Rxc8 Rxc8 20. Rc1 Rxc1+
21. Nxc1 Kf7 22. Nf3 Nxf3+ 23. Bxf3 Qd6 24. Ne2 e5 25. Nc3 e4 26. Be2 Qb4 27.
Qd1 Ke6 28. Nxd5 Bxd5 29. Bxa6 Qxb2 30. Bb5 Qb3 31. Qc1 Kd6 32. h4 Qb4 33. Qa1
Be6 34. Qxg7 Qe1+ 35. Bf1 Qd1 36. Qf8+ Kc7 37. Qe7+ Qd7 38. Qb4 Qd1 39. a5 bxa5
40. Qxa5+ Kd7 41. Qb5+ Kd6 42. Qe2 Qc1 43. g3 Ke7 44. Kh2 Kf6 45. Kg2 Qc7 46.
Qa6 Kf7 47. Qb5 Qc8 48. Be2 Kg7 49. Qe5+ Kg8 50. h5 Qd7 51. h6 Qf7 52. Bh5 Qxh5
53. Qg7# 1-0

[Event "Paul Keres Memorial Festival 2014"]
[Site "Tallinn"]
[Date "2014.01.13"]
[Round "6.1"]
[White "Agopov, Mikael"]
[Black "Danin, Alexandre"]
[Result "1/2-1/2"]
[WhiteElo "2413"]
[BlackElo "2602"]
[PlyCount "42"]
[EventDate "2014.??.??"]

1. e4 e5 2. Nf3 Nc6 3. Bb5 a6 4. Ba4 Nf6 5. O-O Be7 6. Re1 b5 7. Bb3 O-O 8. c3
d5 9. exd5 Nxd5 10. Nxe5 Nxe5 11. Rxe5 c6 12. d4 Bd6 13. Re1 Qh4 14. g3 Qh3 15.
Qe2 Bg4 16. Qf1 Qh5 17. Be3 Rae8 18. Nd2 Re7 19. c4 Bh3 20. Qe2 Bg4 21. Qf1 Bh3
1/2-1/2

[Event "Paul Keres Memorial Festival 2014"]
[Site "Tallinn"]
[Date "2014.01.13"]
[Round "6.2"]
[White "Kantans, Toms"]
[Black "Smirnov, Artem"]
[Result "0-1"]
[WhiteElo "2412"]
[BlackElo "2418"]
[PlyCount "111"]
[EventDate "2014.??.??"]

1. e4 c5 2. Nf3 d6 3. d4 cxd4 4. Nxd4 Nf6 5. Nc3 Bd7 6. Bg5 e6 7. Qd2 a6 8. f3
Be7 9. O-O-O b5 10. h4 h6 11. Be3 b4 12. Nce2 e5 13. Nb3 a5 14. Kb1 Be6 15. g4
a4 16. Nbc1 d5 17. g5 hxg5 18. hxg5 Rxh1 19. gxf6 Bxf6 20. Ng3 Rxf1 21. Rxf1 d4
22. Rh1 Nd7 23. Qxb4 Be7 24. Rh8+ Nf8 25. Qb5+ Bd7 26. Qxe5 dxe3 27. Nh5 Qa5
28. Nxg7+ Kd8 29. Qf4 Qd2 30. a3 Rc8 31. Rh2 Qd4 32. Qxf7 Rb8 33. c3 Qf6 34.
Qxf6 Bxf6 35. Nf5 Bxf5 36. exf5 Bxc3 37. Rc2 Bf6 38. Nd3 Nd7 39. Nb4 Rb5 40.
Re2 Bg5 41. Nc6+ Ke8 42. Nd4 Re5 43. Kc2 Nc5 44. Kc3 Kf7 45. Kc4 Nd7 46. b3
Nb6+ 47. Kd3 Nd5 48. Ne6 Rxf5 49. Nxg5+ Rxg5 50. Kd4 axb3 51. Rb2 Ke6 52. f4
Rg4 53. Rxb3 e2 54. Rb1 Rxf4+ 55. Kd3 Rf1 56. Kd4 {Ke5+} 0-1

[Event "Paul Keres Memorial Festival 2014"]
[Site "Tallinn"]
[Date "2014.01.13"]
[Round "6.3"]
[White "Azarov, Sergei"]
[Black "Shalamberidze, Akaki"]
[Result "1/2-1/2"]
[WhiteElo "2616"]
[BlackElo "2372"]
[PlyCount "121"]
[EventDate "2014.??.??"]

1. e4 e5 2. Nf3 Nc6 3. Bb5 a6 4. Ba4 Nf6 5. O-O b5 6. Bb3 Bc5 7. c3 d6 8. d4
Bb6 9. a4 Bg4 10. h3 Bh5 11. Bg5 Rb8 12. axb5 axb5 13. dxe5 Nxe5 14. g4 Bg6 15.
Nxe5 dxe5 16. Qxd8+ Rxd8 17. Na3 h5 18. Bc2 hxg4 19. hxg4 c6 20. Kg2 Rd6 21. f3
Nh7 22. Bc1 Nf8 23. c4 Ne6 24. cxb5 cxb5 25. Nxb5 Rd8 26. Nc3 Nc7 27. Rd1 Ke7
28. Rxd8 Rxd8 29. Bb3 f6 30. Bc4 Bf7 31. Bxf7 Kxf7 32. Ra4 Bd4 33. Rc4 Rd7 34.
Rc6 Ne6 35. Nd5 Nc5 36. b4 Nb3 37. g5 Nxc1 38. Rxc1 Kg6 39. gxf6 gxf6 40. Rc6
Kg5 41. Nxf6 Ra7 42. Nd5 Ra2+ 43. Kg3 Rb2 44. Rc8 Bf2+ 45. Kh3 Bd4 46. Rg8+ Kh5
47. Rb8 Kg5 48. b5 Rb1 49. b6 Rh1+ 50. Kg2 Rg1+ 51. Kh2 Rb1 52. Rg8+ Kh4 53.
Rg6 Rb3 54. Rg4+ Kh5 55. Rg8 Kh4 56. Rh8+ Kg5 57. Rb8 Kh4 58. b7 Rb2+ 59. Kh1
Ba7 60. Rg8 Kh3 61. Rh8+ 1/2-1/2

[Event "Paul Keres Memorial Festival 2014"]
[Site "Tallinn"]
[Date "2014.01.13"]
[Round "6.4"]
[White "Yemelin, Vasily"]
[Black "Dubrovin, Robert"]
[Result "1-0"]
[WhiteElo "2558"]
[BlackElo "2216"]
[PlyCount "139"]
[EventDate "2014.??.??"]

1. e4 e6 2. d4 d5 3. Nc3 Nf6 4. e5 Nfd7 5. f4 c5 6. Nf3 Nc6 7. Be3 cxd4 8. Nxd4
Bc5 9. Qd2 O-O 10. O-O-O Bxd4 11. Bxd4 Qa5 12. Bf2 Rb8 13. Bb5 a6 14. Bd3 d4
15. Nb1 Qxa2 16. Be4 Qc4 17. b3 Qc5 18. Bxd4 Nxd4 19. Qxd4 b5 20. Bf3 a5 21.
Nc3 Bb7 22. Bxb7 Rxb7 23. Ne4 Qc6 24. Rd3 b4 25. Kb2 a4 26. Rhd1 axb3 27. cxb3
h6 28. Qc4 Qxc4 29. bxc4 Nb6 30. Kb3 Rc7 31. Rd4 Kh7 32. Ra1 Rb8 33. Ra5 Nd7
34. Rb5 Ra8 35. Kxb4 Rca7 36. Nc3 Nb8 37. Rd6 Ra1 38. Kb3 Na6 39. Kb2 Rg1 40.
Rd2 Rc8 41. Ra5 Rb8+ 42. Nb5 Nc5 43. g3 Kg6 44. Kc2 Rc8 45. Nd6 Rc7 46. Ra8 f6
47. exf6 gxf6 48. Rg8+ Kh7 49. Ra8 Kg6 50. Rg8+ Kh7 51. Nb5 Rc6 52. Rb8 Ne4 53.
Rd7+ Kg6 54. Rg8+ Kh5 55. Rc7 Ra6 56. Ra7 Rc6 57. Rc7 Ra6 58. Ra7 Rc6 59. Kd3
f5 60. Rc7 Rd1+ 61. Ke3 Ra6 62. Ra7 Rc6 63. g4+ fxg4 64. Kxe4 Rxc4+ 65. Ke3 Rh1
66. Rh7 Rxh2 67. Rg5+ Kh4 68. Rxh6+ Kg3 69. Rxh2 Kxh2 70. Rxg4 {Kg3 Rg5+} 1-0

[Event "Paul Keres Memorial Festival 2014"]
[Site "Tallinn"]
[Date "2014.01.13"]
[Round "6.5"]
[White "Chatalbashev, Boris"]
[Black "Ladva, Ottomar"]
[Result "0-1"]
[WhiteElo "2533"]
[BlackElo "2337"]
[PlyCount "70"]
[EventDate "2014.??.??"]

1. c4 e6 2. Nf3 d5 3. d4 Nf6 4. Bg5 Be7 5. e3 O-O 6. Bd3 c5 7. b3 cxd4 8. exd4
Bb4+ 9. Nbd2 dxc4 10. bxc4 Nc6 11. O-O Nxd4 12. Bxh7+ Kxh7 13. Qb1+ Kg8 14.
Qxb4 Nc2 15. Qb2 Nxa1 16. Ne4 e5 17. Qxa1 Qb6 18. Bxf6 gxf6 19. Nxe5 fxe5 20.
Qxe5 Qg6 21. Nf6+ Kg7 22. Ne8+ Kh6 23. Re1 f6 24. Qe3+ Qg5 25. f4 Qh5 26. f5+
Kh7 27. Nd6 Bxf5 28. Qe7+ Kh8 29. Rf1 Bh7 30. Rf3 Qe5 31. Nf7+ Rxf7 32. Qxf7
Rd8 33. Rxf6 Rd1+ 34. Rf1 Bg8 35. Qf2 Qd4 0-1

[Event "Paul Keres Memorial Festival 2014"]
[Site "?"]
[Date "2014.01.13"]
[Round "6.6"]
[White "Malakhatko, Vadim"]
[Black "Koop, Vyacheslav"]
[Result "1-0"]
[WhiteElo "2549"]
[BlackElo "2199"]
[PlyCount "107"]
[EventDate "2014.01.13"]
[SourceDate "2014.01.13"]

1. c4 e5 2. Nc3 Nf6 3. e3 g6 4. Nf3 d6 5. Be2 Bg7 6. O-O O-O 7. d3 Nc6 8. a3 a5
9. Qc2 d5 10. cxd5 Nxd5 11. Bd2 Nxc3 12. Bxc3 a4 13. b4 axb3 14. Qxb3 Re8 15.
Qb2 b6 16. a4 Ba6 17. Rfd1 Qd7 18. Nd2 Rab8 19. Nc4 b5 20. axb5 Bxb5 21. Qc2
Qe6 22. Na3 Ba6 23. Bf1 Qb3 24. Qc1 Bf8 25. Nb1 Qb6 26. Nd2 Nb4 27. Ne4 c5 28.
Ra3 Bb7 29. Nd2 Bd5 30. Nc4 Qc7 31. Bb2 Bg7 32. Qc3 Ra8 33. Rda1 Rxa3 34. Rxa3
Nc6 35. Ra6 Qb8 36. Rb6 Qc7 37. Rb5 Na7 38. Ra5 Bxc4 39. dxc4 Bf8 40. g3 Nc6
41. Rb5 Ne7 42. Rb3 Nc6 43. Bg2 Nb4 44. Ra3 Bg7 45. Bd5 Nxd5 46. cxd5 c4 47.
Ra6 Qb7 48. Rc6 Rb8 49. Bc1 Qb3 50. Qxc4 Qd1+ 51. Kg2 e4 52. Qxe4 Rd8 53. Ba3
Qb3 54. Be7 1-0

[Event "Paul Keres Memorial Festival 2014"]
[Site "?"]
[Date "2014.01.13"]
[Round "6.7"]
[White "Okhotnik, Vladimir"]
[Black "Lintchevski, Daniil"]
[Result "1/2-1/2"]
[WhiteElo "2387"]
[BlackElo "2541"]
[PlyCount "72"]
[EventDate "2014.01.13"]
[SourceDate "2014.01.13"]

1. e4 c6 2. Nc3 d5 3. Nf3 Bg4 4. h3 Bh5 5. exd5 cxd5 6. Bb5+ Nc6 7. g4 Bg6 8.
Ne5 Rc8 9. d4 e6 10. h4 f6 11. Nxg6 hxg6 12. a3 Kf7 13. Bf1 Bd6 14. Bg2 Nge7
15. Rh3 a6 16. Ne2 Qc7 17. c3 b5 18. b4 Ra8 19. a4 bxa4 20. Qxa4 Nc8 21. h5
gxh5 22. gxh5 Nb6 23. Qc2 Ne7 24. Qd3 Nc4 25. Bf3 a5 26. bxa5 Rxa5 27. Rxa5
Qxa5 28. Kf1 Ba3 29. Bf4 Nd6 30. Bxd6 Bxd6 31. Kg2 Qc7 32. Rh1 Rh6 33. Rc1 g6
34. c4 dxc4 35. Rxc4 Qa7 36. hxg6+ Nxg6 1/2-1/2

[Event "Paul Keres Memorial Festival 2014"]
[Site "?"]
[Date "2014.01.13"]
[Round "6.9"]
[White "Vovk, Ilja"]
[Black "Beinoras, Mindaugas"]
[Result "1/2-1/2"]
[WhiteElo "2299"]
[BlackElo "2404"]
[PlyCount "20"]
[EventDate "2014.01.13"]
[SourceDate "2014.01.13"]

1. e4 e5 2. Nf3 Nf6 3. Nc3 Nc6 4. g3 d5 5. exd5 Nxd5 6. Bg2 Nxc3 7. bxc3 Bc5 8.
O-O O-O 9. Re1 Qd6 10. Rb1 Rb8 1/2-1/2

[Event "Paul Keres Memorial Festival 2014"]
[Site "?"]
[Date "2014.01.13"]
[Round "6.10"]
[White "Iordachescu, Viorel"]
[Black "Bernotas, Arturs"]
[Result "1-0"]
[WhiteElo "2611"]
[BlackElo "2267"]
[PlyCount "73"]
[EventDate "2014.01.13"]
[SourceDate "2014.01.13"]

1. e4 c5 2. Nf3 d6 3. Bb5+ Bd7 4. Bxd7+ Qxd7 5. c4 Nc6 6. d4 cxd4 7. Nxd4 g6 8.
O-O Bg7 9. Be3 Nf6 10. f3 O-O 11. Nc3 a6 12. a4 Rac8 13. Nde2 Qd8 14. Kh1 Qa5
15. Rb1 Rfd8 16. Bd2 Qc5 17. b3 e6 18. Rc1 Nb4 19. Be1 Qe3 20. Bf2 Qd3 21. Bb6
Qxd1 22. Rfxd1 Rd7 23. a5 Bh6 24. Rb1 Kf8 25. Bd4 Ne8 26. Na4 Rdd8 27. Bb6 Rd7
28. Bc5 Nc2 29. e5 Ke7 30. Bxd6+ Nxd6 31. exd6+ Rxd6 32. Nb6 Rc7 33. Nc3 Nb4
34. g3 Be3 35. Re1 Bxb6 36. axb6 Rcc6 37. Rbd1 1-0

[Event "Paul Keres Memorial Festival 2014"]
[Site "?"]
[Date "2014.01.13"]
[Round "6.11"]
[White "Kveinys, Aloyzas"]
[Black "Vepkhishvili, Varlam"]
[Result "1-0"]
[WhiteElo "2540"]
[BlackElo "2185"]
[Annotator ",Maleliit"]
[PlyCount "68"]
[EventDate "2014.01.13"]
[SourceDate "2014.01.13"]

1. d4 Nf6 2. Nf3 g6 3. c4 Bg7 4. g3 O-O 5. Bg2 d6 6. O-O Nbd7 7. Nc3 e5 8. e4
exd4 9. Nxd4 c6 10. h3 Re8 11. Be3 Nc5 12. Qc2 a5 13. Rad1 Nfd7 14. Rd2 Ne5 15.
b3 a4 16. f4 Ned7 17. b4 Na6 18. Qxa4 Nb6 19. Qb3 Bxd4 20. Rxd4 Be6 21. f5 Bxf5
22. Rxf5 gxf5 23. c5 d5 24. cxb6 fxe4 25. Ne2 Qe7 26. a3 Rad8 27. Rd1 Nb8 28.
Nd4 Nd7 29. Bf1 Ne5 30. Nf5 Qe6 31. Nd4 Nf3+ 32. Nxf3 exf3 33. Kf2 Ra8 34. Bf4
Qg6 {...} 1-0

[Event "Paul Keres Memorial Festival 2014"]
[Site "?"]
[Date "2014.01.13"]
[Round "6.12"]
[White "Gleizerov, Evgeny"]
[Black "Ceponis, Tadas"]
[Result "1-0"]
[WhiteElo "2534"]
[BlackElo "1949"]
[PlyCount "49"]
[EventDate "2014.01.13"]
[SourceDate "2014.01.13"]

1. d4 d5 2. c4 e6 3. Nf3 c5 4. cxd5 exd5 5. g3 Nc6 6. Bg2 Nf6 7. O-O Be7 8. Nc3
O-O 9. Bf4 c4 10. Ne5 Be6 11. Nxc4 dxc4 12. d5 Nxd5 13. Nxd5 Rc8 14. Nxe7+ Nxe7
15. Bxb7 Rb8 16. Qxd8 Rbxd8 17. Bf3 Nd5 18. Be5 Rd7 19. b3 cxb3 20. axb3 f6 21.
Bd4 Nb6 22. Bc5 Rc8 23. b4 Nc4 24. Ra6 Bf7 25. Bg4 1-0

[Event "Paul Keres Memorial Festival 2014"]
[Site "?"]
[Date "2014.01.13"]
[Round "6.13"]
[White "Juknis, Paulius"]
[Black "Meijers, Viesturs"]
[Result "0-1"]
[WhiteElo "2162"]
[BlackElo "2464"]
[PlyCount "64"]
[EventDate "2014.01.13"]
[SourceDate "2014.01.13"]

1. e4 c5 2. Nf3 a6 3. c3 d5 4. exd5 Qxd5 5. d4 Nf6 6. dxc5 Qxc5 7. Be3 Qc7 8.
Na3 Nbd7 9. h3 e5 10. Nc2 Be7 11. Be2 O-O 12. O-O b6 13. Nh4 Rd8 14. Nf5 Bf8
15. Qe1 Nc5 16. Ng3 h6 17. f4 Nd5 18. fxe5 Nxe3 19. Nxe3 Qxe5 20. Ng4 Qg5 21.
b4 Re8 22. Qf2 Be6 23. Kh1 f5 24. Ne3 Ne4 25. Nxe4 fxe4 26. a3 Rac8 27. Rac1
Bd6 28. Bg4 Bxg4 29. Qf7+ Kh8 30. Nxg4 e3 31. Rce1 e2 32. Rg1 Bg3 0-1

[Event "Paul Keres Memorial Festival 2014"]
[Site "?"]
[Date "2014.01.13"]
[Round "6.14"]
[White "Tokranovs, Dmitrijs"]
[Black "Krupenski, Juri"]
[Result "1/2-1/2"]
[WhiteElo "2238"]
[BlackElo "2300"]
[PlyCount "119"]
[EventDate "2014.01.13"]
[SourceDate "2014.01.13"]

1. e4 c5 2. c3 d5 3. exd5 Qxd5 4. d4 g6 5. Nf3 Bg7 6. Na3 Nf6 7. dxc5 Qxd1+ 8.
Kxd1 O-O 9. Bc4 Na6 10. Re1 Rd8+ 11. Nd4 Kf8 12. Bxa6 bxa6 13. Kc2 Nd5 14. Nc4
Nb4+ 15. cxb4 Rxd4 16. Ne3 Rxb4 17. Rb1 Bb7 18. f3 Rc8 19. Bd2 Rxc5+ 20. Kd3
Rd4+ 21. Ke2 Bc6 22. Rec1 Bb5+ 23. Ke1 Rxc1+ 24. Rxc1 Rd8 25. b3 Bd4 26. Nc2
Be5 27. a4 Bc6 28. Ne3 Bb7 29. Ke2 h5 30. g3 Bxf3+ 31. Kxf3 Rxd2 32. Nc4 Rd5
33. Nxe5 Rxe5 34. Rc8+ Kg7 35. Rc7 Re6 36. a5 Re5 37. b4 e6 38. Rxa7 Rb5 39. h4
Kf6 40. Rxa6 Ke5 41. Ra7 f5 42. a6 Rxb4 43. Rb7 Ra4 44. Rb5+ Kd6 45. Rb6+ Kd5
46. Ke3 Ra3+ 47. Kf2 e5 48. Rxg6 Ke4 49. Rg5 Ra2+ 50. Kf1 Rxa6 51. Rxh5 f4 52.
gxf4 exf4 53. Rb5 Kf3 54. Rb3+ Kg4 55. Kg2 Ra2+ 56. Kf1 Rh2 57. Kg1 Rd2 58. Kf1
f3 59. Rb8 Kxh4 60. Rh8+ 1/2-1/2

[Event "Paul Keres Memorial Festival 2014"]
[Site "?"]
[Date "2014.01.13"]
[Round "6.15"]
[White "Tsiganova, Monika"]
[Black "Koykka, Pekka"]
[Result "0-1"]
[WhiteElo "2102"]
[BlackElo "2294"]
[PlyCount "78"]
[EventDate "2014.01.13"]
[SourceDate "2014.01.13"]

1. d4 d6 2. Nf3 Bg4 3. g3 c6 4. Bg2 Nf6 5. O-O Nbd7 6. b3 Qc7 7. Bb2 e5 8. Nbd2
Be7 9. Nc4 e4 10. Nfd2 d5 11. Ne3 Be6 12. f3 h5 13. fxe4 dxe4 14. Nxe4 h4 15.
c4 Nxe4 16. Bxe4 hxg3 17. d5 g2 18. Nxg2 Qxh2+ 19. Kf2 Bh4+ 20. Ke3 Bg5+ 21.
Kd3 cxd5 22. cxd5 Nc5+ 23. Kc2 Nxe4 24. Bxg7 Qh7 25. Qd4 Nf6+ 26. e4 Qxg7 27.
dxe6 fxe6 28. Rad1 Rc8+ 29. Kb1 Qc7 30. Ne1 Rh2 31. Qa4+ Nd7 32. Qa3 Qe5 33.
Nd3 Qxe4 34. Rfe1 Re2 35. Rh1 Bf6 36. Rhg1 Qd4 37. Rg8+ Kf7 38. Ne5+ Qxe5 39.
Rxd7+ Kxg8 0-1

[Event "Paul Keres Memorial Festival 2014"]
[Site "?"]
[Date "2014.01.13"]
[Round "6.16"]
[White "Abozenko, Georg"]
[Black "Sirosh, Ilja"]
[Result "0-1"]
[WhiteElo "1931"]
[BlackElo "2105"]
[PlyCount "60"]
[EventDate "2014.01.13"]
[SourceDate "2014.01.13"]

1. d4 Nf6 2. c4 e6 3. Nf3 Bb4+ 4. Nbd2 b6 5. g3 Bb7 6. Bg2 O-O 7. O-O Bxd2 8.
Qxd2 d6 9. b3 Nbd7 10. Ba3 Qb8 11. Rac1 Rd8 12. Rfd1 Be4 13. c5 a5 14. cxd6
cxd6 15. Qf4 Nf8 16. g4 Ng6 17. Qe3 Qb7 18. g5 Nh5 19. Nh4 Bxg2 20. Nxg2 Qd5
21. Rc7 Rac8 22. Rdc1 Rxc7 23. Rxc7 e5 24. Bb2 Nhf4 25. Qf3 Qxf3 26. exf3 Nh3+
27. Kf1 Nxg5 28. dxe5 dxe5 29. Bxe5 Nxe5 30. f4 Ne6 0-1

[Event "Paul Keres Memorial Festival 2014"]
[Site "Tallinn"]
[Date "2014.01.14"]
[Round "7.1"]
[White "Danin, Alexandre"]
[Black "Smirnov, Artem"]
[Result "1-0"]
[WhiteElo "2602"]
[BlackElo "2418"]
[PlyCount "98"]
[EventDate "2014.??.??"]

1. e4 c5 2. Nf3 Nf6 3. e5 Nd5 4. Nc3 e6 5. Nxd5 exd5 6. d4 Nc6 7. dxc5 Bxc5 8.
Qxd5 Qb6 9. Bc4 Bxf2+ 10. Ke2 O-O 11. Rf1 Bc5 12. Ng5 Nxe5 13. Nxf7 Nxf7 14.
Rxf7 Qe6+ 15. Qxe6 dxe6 16. Rxf8+ Kxf8 17. Bf4 Bd4 18. Rf1 Bf6 19. Bd3 Kg8 20.
Be4 Bxb2 21. Rb1 e5 22. Bd5+ Kh8 23. Be3 Bd4 24. Bxd4 exd4 25. Kd3 Bf5+ 26.
Kxd4 Rb8 27. Rxb7 Rxb7 28. Bxb7 Bxc2 29. Be4 Bd1 30. Kc5 g5 31. Kc6 Kg7 32. Kb7
a5 33. Kb6 a4 34. Ka5 h5 35. Bc6 Bb3 36. a3 Kf6 37. Bxa4 Bd5 38. g3 h4 39. Kb6
hxg3 40. hxg3 Ke5 41. Bc6 Bc4 42. Kc5 Be2 43. a4 Kf5 44. Bd7+ Ke4 45. g4 Ke5
46. a5 Kf6 47. Kb6 Ke7 48. Bf5 Kd6 49. a6 Kd5 1-0

[Event "Paul Keres Memorial Festival 2014"]
[Site "Tallinn"]
[Date "2014.01.14"]
[Round "7.2"]
[White "Shalamberidze, Akaki"]
[Black "Yemelin, Vasily"]
[Result "0-1"]
[WhiteElo "2372"]
[BlackElo "2558"]
[PlyCount "84"]
[EventDate "2014.??.??"]

1. d4 Nf6 2. Nf3 e6 3. c4 Bb4+ 4. Bd2 c5 5. e3 b6 6. Bd3 Bb7 7. Nc3 O-O 8. O-O
cxd4 9. exd4 d5 10. cxd5 Nxd5 11. Qe2 Nd7 12. Rac1 Bd6 13. Be4 N7f6 14. Bb1 Nf4
15. Bxf4 Bxf4 16. Rcd1 Rc8 17. Ne5 g6 18. Ne4 Nxe4 19. Bxe4 Bxe4 20. Qxe4 Qh4
21. g3 Bxg3 22. Qxh4 Bxh4 23. Rc1 Bg5 24. Rc3 Rxc3 25. bxc3 Rc8 26. f4 Be7 27.
Rf3 f6 28. Ng4 f5 29. Nf2 Rc4 30. Re3 Kf7 31. Kg2 Bd6 32. Kf3 Kf6 33. Nh3 h6
34. Ng1 g5 35. fxg5+ hxg5 36. h3 Bh2 37. Ne2 Ra4 38. d5 exd5 39. Nd4 Be5 40.
Nc6 g4+ 41. hxg4 fxg4+ 42. Ke2 Rxa2+ 0-1

[Event "Paul Keres Memorial Festival 2014"]
[Site "Tallinn"]
[Date "2014.01.14"]
[Round "7.4"]
[White "Ladva, Ottomar"]
[Black "Agopov, Mikael"]
[Result "1-0"]
[WhiteElo "2337"]
[BlackElo "2413"]
[PlyCount "107"]
[EventDate "2014.??.??"]

1. d4 Nf6 2. c4 e6 3. Nc3 Bb4 4. e3 b6 5. Nge2 Ba6 6. a3 Be7 7. Nf4 d5 8. cxd5
Bxf1 9. Kxf1 Nxd5 10. Ncxd5 exd5 11. b4 O-O 12. Bd2 Qd7 13. Qb3 c6 14. h3 Bd6
15. Nd3 Qf5 16. Rc1 Rc8 17. Ke2 Nd7 18. Rc2 Qg6 19. Rhc1 Qxg2 20. Rxc6 Rxc6 21.
Rxc6 Bh2 22. Ne1 Qg5 23. Nf3 Qh5 24. Qc2 Rf8 25. b5 Be5 26. Bb4 Bxd4 27. Bxf8
Ne5 28. exd4 Qxf3+ 29. Ke1 Qh1+ 30. Kd2 Nf3+ 31. Kc3 Qa1+ 32. Qb2 Qe1+ 33. Kb3
Kxf8 34. Ka2 g6 35. Qb4+ Qxb4 36. axb4 Nxd4 37. Rc8+ Kg7 38. Ka3 Nxb5+ 39. Ka4
Nd6 40. Rc6 Ne4 41. f3 Ng5 42. Rc7 Nxf3 43. Rxa7 d4 44. Kb5 d3 45. Kxb6 d2 46.
Rd7 Kf6 47. Kc5 Ke6 48. Rd6+ Kf5 49. b5 Ng5 50. Rd5+ Kf4 51. b6 Ne6+ 52. Kc4
Ke3 53. b7 Nc7 54. Rd3+ 1-0

[Event "Paul Keres Memorial Festival 2014"]
[Site "Tallinn"]
[Date "2014.01.14"]
[Round "7.5"]
[White "Okhotnik, Vladimir"]
[Black "Azarov, Sergei"]
[Result "1/2-1/2"]
[WhiteElo "2387"]
[BlackElo "2616"]
[PlyCount "59"]
[EventDate "2014.??.??"]

1. e4 d5 2. exd5 Qxd5 3. Nc3 Qa5 4. d4 Nf6 5. Bd2 Bg4 6. Be2 Bxe2 7. Qxe2 Nc6
8. Nf3 Qf5 9. Qb5 Qxb5 10. Nxb5 Rc8 11. Ne5 a6 12. Nxc6 axb5 13. Na7 Rd8 14.
Nxb5 c6 15. Nc3 Rxd4 16. Be3 Rd7 17. a4 e5 18. a5 Nd5 19. a6 bxa6 20. Nxd5 cxd5
21. Rxa6 Rb7 22. Ra8+ Kd7 23. Bc5 Rxb2 24. Kd2 Bxc5 25. Rxh8 Bb4+ 26. Kd3 e4+
27. Kd4 Rxc2 28. Kxd5 Rxf2 29. Rb1 Bd6 30. Rb7+ 1/2-1/2

[Event "Paul Keres Memorial Festival 2014"]
[Site "?"]
[Date "2014.01.14"]
[Round "7.6"]
[White "Meijers, Viesturs"]
[Black "Iordachescu, Viorel"]
[Result "1/2-1/2"]
[WhiteElo "2464"]
[BlackElo "2611"]
[Annotator ",Maleliit"]
[PlyCount "82"]
[EventDate "2014.01.13"]
[SourceDate "2014.01.15"]

1. e4 g6 2. d4 Bg7 3. Nc3 c6 4. Be3 Qb6 5. Rb1 d6 6. Qd2 Nf6 7. h3 O-O 8. Nf3
Qc7 9. Bh6 b5 10. a3 Nbd7 11. Bxg7 Kxg7 12. Bd3 a6 13. O-O c5 14. Rfe1 cxd4 15.
Nxd4 Bb7 16. a4 e5 17. Nb3 b4 18. Nd1 a5 19. c3 Bc6 20. cxb4 axb4 21. Qxb4 Rxa4
22. Qc3 Rc8 23. Rc1 Qb8 24. Qc2 Bb7 25. Qb1 Rxc1 26. Nxc1 Qa8 27. Nc3 Ra1 28.
Qc2 Nc5 29. f3 Ne6 30. Rd1 Nd4 31. Qd2 d5 32. exd5 Nxd5 33. N1e2 Nxc3 34. bxc3
Nb3 35. Qe1 Rxd1 36. Qxd1 Nc5 37. Bc4 Qa7 38. Kh1 Qb6 39. Bd5 Bc8 40. Ng3 Qb2
41. Ne2 Bf5 {... The remaining moves are illegible} 1/2-1/2

[Event "Paul Keres Memorial Festival 2014"]
[Site "?"]
[Date "2014.01.14"]
[Round "7.7"]
[White "Lintchevski, Daniil"]
[Black "Kantans, Toms"]
[Result "1/2-1/2"]
[WhiteElo "2541"]
[BlackElo "2412"]
[PlyCount "80"]
[EventDate "2014.01.13"]
[SourceDate "2014.01.14"]

1. Nf3 Nf6 2. c4 g6 3. Nc3 d5 4. Qa4+ Nc6 5. Ne5 Bd7 6. Nxd7 Qxd7 7. cxd5 Nxd5
8. g3 Nb6 9. Qd1 Bg7 10. Bg2 O-O 11. O-O Rad8 12. d3 Nd4 13. Bd2 c6 14. Rb1 Nd5
15. Nxd5 cxd5 16. e3 Nf5 17. Qb3 e6 18. Rfc1 Rc8 19. Qa3 b6 20. Bf1 Nd6 21. Bb4
Rxc1 22. Rxc1 Rc8 23. Rxc8+ Nxc8 24. d4 a5 25. Be1 Bf8 26. Qb3 Qc7 27. Qc3 Qxc3
28. Bxc3 Nd6 29. Bd3 f5 30. f3 Kf7 31. Kf2 Be7 32. Ke2 Ke8 33. Be1 h5 34. g4
fxg4 35. fxg4 Kf7 36. Bg3 hxg4 37. a4 Ne8 38. Bb5 Nd6 39. Bd3 Ne8 40. Bb5 Nd6
1/2-1/2

[Event "Paul Keres Memorial Festival 2014"]
[Site "?"]
[Date "2014.01.14"]
[Round "7.8"]
[White "Beinoras, Mindaugas"]
[Black "Kveinys, Aloyzas"]
[Result "1/2-1/2"]
[WhiteElo "2404"]
[BlackElo "2540"]
[PlyCount "22"]
[EventDate "2014.01.13"]
[SourceDate "2014.01.14"]

1. d4 Nf6 2. c4 e6 3. Nf3 d5 4. Nc3 c5 5. cxd5 Nxd5 6. e4 Nxc3 7. bxc3 cxd4 8.
cxd4 Bb4+ 9. Bd2 Bxd2+ 10. Qxd2 O-O 11. Rc1 b6 1/2-1/2

[Event "Paul Keres Memorial Festival 2014"]
[Site "?"]
[Date "2014.01.14"]
[Round "7.9"]
[White "Koykka, Pekka"]
[Black "Gleizerov, Evgeny"]
[Result "0-1"]
[WhiteElo "2294"]
[BlackElo "2534"]
[PlyCount "92"]
[EventDate "2014.01.13"]
[SourceDate "2014.01.14"]

1. d4 e6 2. c4 f5 3. Nf3 Nf6 4. g3 d5 5. Bg2 Be7 6. O-O O-O 7. Nc3 c6 8. Rb1
Ne4 9. Qc2 a5 10. a3 Nd7 11. b4 axb4 12. axb4 Nd6 13. c5 Nc4 14. Ne1 b5 15. f4
Nf6 16. Nd3 Bd7 17. Ne5 Be8 18. Nxc4 bxc4 19. Bd2 Bh5 20. Ra1 Qd7 21. Qb2 Qb7
22. h3 h6 23. Kh2 Kh7 24. Rfb1 Rfb8 25. Qc1 Ne8 26. Be1 Nc7 27. Rxa8 Rxa8 28.
Ra1 Rxa1 29. Qxa1 Na6 30. e3 Bd8 31. Na2 Be2 32. Qb2 Bd3 33. Nc1 Be4 34. Bxe4
fxe4 35. Na2 Qb5 36. Qa3 c3 37. Nxc3 Qf1 38. b5 Nc7 39. b6 Qxe1 40. b7 Qf2+ 41.
Kh1 Qf1+ 42. Kh2 Na6 43. Qxa6 Qxa6 44. b8=Q Ba5 45. Nxe4 Qe2+ 46. Kg1 dxe4 0-1

[Event "Paul Keres Memorial Festival 2014"]
[Site "?"]
[Date "2014.01.14"]
[Round "7.10"]
[White "Krupenski, Juri"]
[Black "Vovk, Ilja"]
[Result "0-1"]
[WhiteElo "2300"]
[BlackElo "2299"]
[Annotator ",Maleliit"]
[PlyCount "76"]
[EventDate "2014.01.13"]
[SourceDate "2014.01.14"]

1. d4 d5 2. c4 dxc4 3. Nf3 a6 4. e3 Bg4 5. Bxc4 e6 6. h3 Bh5 7. Nc3 Nf6 8. g4
Bg6 9. Ne5 Nbd7 10. Nxg6 hxg6 11. Bf1 c6 12. Bg2 Bd6 13. Qe2 Qc7 14. Bd2 Nb6
15. Rc1 Nbd5 16. g5 Nxc3 17. bxc3 Nh5 18. Rb1 Rb8 19. c4 Qe7 20. Qg4 c5 21. d5
exd5 22. Bxd5 O-O 23. O-O b5 24. h4 bxc4 25. Qe4 Qd7 26. Qf3 Be5 27. Rxb8 Rxb8
28. Rc1 Rd8 29. e4 c3 30. Bxc3 Bxc3 31. Rxc3 Qe7 32. Rb3 Rd7 33. Rb8+ Kh7 34.
Ra8 c4 35. Bxc4 Qc5 36. Qb3 Rd2 37. Qe3 Rd1+ 38. Bf1 Qc4 0-1

[Event "Paul Keres Memorial Festival 2014"]
[Site "?"]
[Date "2014.01.14"]
[Round "7.11"]
[White "Dubrovin, Robert"]
[Black "Chatalbashev, Boris"]
[Result "1/2-1/2"]
[WhiteElo "2216"]
[BlackElo "2533"]
[PlyCount "110"]
[EventDate "2014.01.13"]
[SourceDate "2014.01.15"]

1. d4 Nf6 2. c4 e6 3. Nf3 c5 4. d5 d6 5. Nc3 exd5 6. cxd5 g6 7. Nd2 Nbd7 8. e4
Bg7 9. Be2 O-O 10. O-O Re8 11. a4 a6 12. f4 c4 13. Kh1 Nc5 14. e5 dxe5 15. fxe5
Rxe5 16. Nxc4 Re8 17. Bg5 h6 18. Bh4 Nce4 19. d6 Nxc3 20. bxc3 g5 21. Bf2 Be6
22. Bb6 Qc8 23. Bd4 Bxc4 24. Bxc4 Qxc4 25. Bxf6 Bxf6 26. Rxf6 Qxc3 27. Rxh6
Rad8 28. Rh3 Qe5 29. Rd3 Rd7 30. Rd5 Qe3 31. h3 Re5 32. Rb1 Kg7 33. Qg4 Rxd5
34. Qxd7 Qd3 35. Qxb7 Rxd6 36. Qb2+ Qd4 37. Qb3 Qf4 38. Qc3+ Qd4 39. Qb3 Rf6
40. Rd1 Qf4 41. Rd5 Qc1+ 42. Rd1 Qf4 43. Rd3 Rb6 44. Qd1 Rc6 45. Rd2 Rc4 46. a5
Rc5 47. Qa1+ Kg6 48. Qb1+ Kh6 49. Qb6+ Kh5 50. Qxc5 Qxd2 51. Qb6 Qc1+ 52. Kh2
Qf4+ 53. Kg1 Qc1+ 54. Kh2 Qf4+ 55. Kg1 Qc1+ 1/2-1/2